Case studies in abnormal psychology / (Record no. 21634)
[ view plain ]
| 000 -LEADER | |
|---|---|
| fixed length control field | 00704nam a2200241 a 4500 |
| 005 - DATE AND TIME OF LATEST TRANSACTION | |
| control field | 20140310183334.0 |
| 008 - FIXED-LENGTH DATA ELEMENTS--GENERAL INFORMATION | |
| fixed length control field | 060905s19uu xx 00 eng d |
| 020 ## - INTERNATIONAL STANDARD BOOK NUMBER | |
| International Standard Book Number | 0471731129 |
| 050 ## - LIBRARY OF CONGRESS CALL NUMBER | |
| Classification number | RC 465 |
| Item number | .Ol47 2007 |
| 100 ## - MAIN ENTRY--PERSONAL NAME | |
| Personal name | Oltmanns, Thomas F. |
| 245 ## - TITLE STATEMENT | |
| Title | Case studies in abnormal psychology / |
| Statement of responsibility, etc | Thomas F. Oltmanns. |
| 250 ## - EDITION STATEMENT | |
| Edition statement | 7th ed. |
| 260 ## - PUBLICATION, DISTRIBUTION, ETC. (IMPRINT) | |
| Place of publication, distribution, etc | United States : |
| Name of publisher, distributor, etc | John Wiley & Sons, Inc, |
| Date of publication, distribution, etc | 2007. |
| 300 ## - PHYSICAL DESCRIPTION | |
| Extent | 381 p. : |
| Dimensions | 23 cm. |
| 521 ## - TARGET AUDIENCE NOTE | |
| Target audience note | |
| 650 ## - SUBJECT ADDED ENTRY--TOPICAL TERM | |
| Topical term or geographic name as entry element | Psychology, Pathological |
| General subdivision | Case studies. |
| 650 ## - SUBJECT ADDED ENTRY--TOPICAL TERM | |
| Topical term or geographic name as entry element | Psychiatry |
| General subdivision | Case studies. |
| 700 ## - ADDED ENTRY--PERSONAL NAME | |
| Personal name | Martin, Michele T. |
| 700 ## - ADDED ENTRY--PERSONAL NAME | |
| Personal name | Neale, John M. |
| 700 ## - ADDED ENTRY--PERSONAL NAME | |
| Personal name | Davison, Gerald C. |
| 942 ## - ADDED ENTRY ELEMENTS (KOHA) | |
| Koha item type | Books |
| Source of classification or shelving scheme | Library of Congress Classification |
| Call number prefix | Foreign |
| Withdrawn status | Lost status | Source of classification or shelving scheme | Damaged status | Home library | Current library | Shelving location | Date acquired | Source of acquisition | Cost, normal purchase price | Total Checkouts | Total Renewals | Full call number | Barcode | Date last seen | Date checked out | Copy number | Price effective from | Koha item type |
|---|---|---|---|---|---|---|---|---|---|---|---|---|---|---|---|---|---|---|
| Library of Congress Classification | College Library | College Library | General Circulation Section | 10/02/2010 | Donation | 4208.00 | 2 | 2 | RC 465 .Ol47 2007 | C7599 | 05/15/2018 | 01/03/2018 | 1 | 10/10/2013 | Books |